000
00324nam a2200133Ia 4500
008
150301s2015 xx 000 0 und d
082
_a
615.4
_b
H12D
100
_a
DANDIYA, P.C
245
2
_a
A TB OF HOSPITAL & CLINICAL PHARMACY
260
_b
VALLABH PRAKASHAN
300
_a
280
650
_a
PHARMACEUTICS
942
_2
ddc
_c
BK
999
_c
7293
_d
7293